毛泽东之路. 一: 横空出世 (Record no. 6498)

000 -LEADER
fixed length control field 00479nam a22001817a 4500
003 - CONTROL NUMBER IDENTIFIER
control field MPLRDC
005 - DATE AND TIME OF LATEST TRANSACTION
control field 20220104114318.0
008 - FIXED-LENGTH DATA ELEMENTS--GENERAL INFORMATION
fixed length control field 210129b ||||| |||| 00| 0 eng d
020 ## - INTERNATIONAL STANDARD BOOK NUMBER
International Standard Book Number 7-5006-1390-3
082 ## - DEWEY DECIMAL CLASSIFICATION NUMBER
Classification number 782.886 MZD-34 v.1
100 ## - MAIN ENTRY--PERSONAL NAME
Personal name 胡长水、李瑷
245 ## - TITLE STATEMENT
Title 毛泽东之路. 一: 横空出世
Statement of responsibility, etc.
250 ## - EDITION STATEMENT
Edition statement 一版三刷
260 ## - PUBLICATION, DISTRIBUTION, ETC.
Place of publication, distribution, etc. 中国
Name of publisher, distributor, etc. 中国青年出版社
Date of publication, distribution, etc. 1994
300 ## - PHYSICAL DESCRIPTION
Other physical details 547
650 ## - SUBJECT ADDED ENTRY--TOPICAL TERM
Topical term or geographic name entry element 毛泽东传记
942 ## - ADDED ENTRY ELEMENTS (KOHA)
Koha item type Book
-- 782.886 MZD-34 v.1
Holdings
Withdrawn status Lost status Source of classification or shelving scheme Damaged status Not for loan Collection code Home library Current library Shelving location Date acquired Cost, normal purchase price Total Checkouts Full call number Barcode Date last seen Date last checked out Price effective from Koha item type Public note
            Malaysian Public Library, Research and Development Centre Malaysian Public Library, Research and Development Centre   10/12/2007 29.00   782.886 MZD-34 v.1 00006489 17/03/2021 23/09/2014 17/03/2021 Book mplrdc

© 2022. Malaysian Public Library, Research and Development Centre. All Right ReservedE-mailmplrdc@help.edu.my 

Powered by Koha